| 000 | 00816nam a2200217Ia 4500 | ||
|---|---|---|---|
| 008 | 0000001994 sp ad 0000000000spa00 | ||
| 090 | _aPSP00 C66a | ||
| 100 | 1 | _aCopón, Miguel | |
| 245 | 1 | 0 |
_aAntonio Murado _b: marañas _c/ Miguel Copón |
| 300 |
_a19 p. _c/ 27 cm. |
||
| 500 | _aExposición realizada en Galera vter de Orense, España, entre los meses de noviembre y diciembre de 1994 \ Donación de Klaus Steinmetz, 2011 | ||
| 501 | _aLuz lenta / Miguel Copón | ||
| 600 | 0 | 0 |
_a MURADO, ANTONIO, 1964/ _xTRABAJOS PICTORICOS |
| 650 | 1 | 4 | _a PINTURA ESPAÑOLA |
| 650 | 1 | 4 | _aARTE CONTEMPORANEO ESPAÑOL |
| 650 | 1 | 4 | _aARTISTAS PLASTICOS ESPAÑOLES |
| 650 | 1 | 4 | _xCATALOGOS |
| 650 | 1 | 4 | _xEXPOSICIONES |
| 650 | 1 | 4 | _aPINTORES ESPAÑOLES |
| 999 |
_c13967 _d13967 |
||
| 260 |
_aOrense (España) : Galería vter _c1994 |
||